000 01690nam a2200373 c 4500
003 BLK
005 20250725171538.0
008 180409b bul|||||r ||||||| ||bul||
010 _aKNG00117694000
020 _a954-533-066-Х
_bиздат.: Кралица МАБ
040 _aBLK
041 _aBUL
_cBUL
080 _aБългарска литература
_b821.163.2
_x(091)
_z821.163.2(091)
080 _aФолклор (в тесен смисъл)
_b398
_x(497.2)
_z398(497.2)
080 _aНации, раси - социология. Некръвнородствени категориални групи
_b316.356.4
_x(497.2)
_z316.356.4(497.2)
100 _aАретов, Николай Аретов
_9364012
139 _aАретов, Николай Аретов
_bА 83
245 1 0 _aНационална митология и национална литература
_bСюжети, изграждащи бълг. нац. идентичност в словесността от ХVІІІ и ХІХ в.
_cНиколай Аретов Аретов.
257 _aBGR
260 София
_bКралица МАБ
_c2006
300 _a548 с.
_c20 см
380 _a82
500 _aОфс. изд.
650 4 _aБългарска литература - теми, образи, сюжети
_9242409
650 4 _aБългарска литература - история
_9246271
653 _aбългарска литература
653 _aмитология
852 _aЦб 227183
856 4 _qpdf
_u
856 4 _qpdf
_u
942 _cKNG
_n0
_012
944 _aCR
_c05.05.2006
_k30535
_lХристина Везирева
944 _aED
_c24.10.2008
_k
999 _c112329
_d112329